期刊信息 |
| 索取号 |
G4/KFJY
|
| 题名 |
开放教育
|
| 作者 |
|
| 分册号 |
|
| 分册名 |
|
| 出版地 |
|
| 出版者 |
|
| 标准刊号 |
|
| 出版频率 |
月刊
|
| 中图法分类 |
G4
|
| 主题词 |
教育
|
| 电子资源 | |
| |
|
| 000 | 00352nam0 2200157 450 | |
| 001 | 1160608812 | |
| 005 | 20111122165208.98 | |
| 011 | @dCNY6.00 | |
| 100 | @a20111122d km y0chiy0120 ea | |
| 101 | 0 | @achi |
| 200 | 1 | @a开放教育@AKai Fang Jiao Yu |
| 326 | @a月刊 | |
| 606 | 0 | @a教育 |
| 690 | @aG4@v4 | |
| 801 | 0 | @aCN@bNISOFT@c20111122 |
| 905 | @a10447@dG4@eKFJY | |
| 开放教育 |
| CNY6.00 |
| ● |
| 相关链接: |
|
|
|
|